header

The chemistry of food additives and preservatives (Record no. 74868)

MARC details
000 -LEADER
fixed length control field 01275nam a2200337 a 4500
082 04 - DEWEY DECIMAL CLASSIFICATION NUMBER
Classification number 641.3/08
245 04 - TITLE STATEMENT
Title The chemistry of food additives and preservatives
260 ## - PUBLICATION, DISTRIBUTION, ETC. (IMPRINT)
Place of publication Oxford ;
-- Ames, Iowa :
Name of publisher Wiley-Blackwell,
Year of publication 2013.
300 ## - PHYSICAL DESCRIPTION
Number of Pages xiv, 322 p.
650 #0 - SUBJECT ADDED ENTRY--TOPICAL TERM
Topical Term Food additives.
Topical Term Food preservatives.
Topical Term Food
Topical Term Food
700 1# - ADDED ENTRY--PERSONAL NAME
Personal name Msagati, Titus A. M.
856 40 - ELECTRONIC LOCATION AND ACCESS
Uniform Resource Identifier http://site.ebrary.com/lib/rucke/Doc?id=10653552

No items available.

© 2026 Rongo University
Contact us: librarian | system librarian | Rongo university